000 00839nam a2200253Ia 4500
003 OSt
005 20221005112537.0
006 a|||||r|||| 00| 0
007 ta
008 221004b |||||||| |||| 00| 0 pan d
020 _a8171429033 (hbk)
_c150
024 _a3684
037 _b746, 12/03/2013, Bright Book Service
_cTextual
040 _aCRL
_cCRL
_bpan
041 _2pan
_apan
082 _aO153,3:g, P9
100 _aਬਾਲਾ, ਚੰਚਲ
245 0 _aਪਰਵਾਸ ਤੇ ਪਰਵਾਸੀ ਅਨੁਭਵ
260 _aਚੰਡੀਗੜ
_bਲੋਕਗੀਤ ਭਾਰਤ
_c2009
300 _a119ਪੰ
_ccm.
650 _aਪੰਜਾਬੀ ਸਾਹਿਤ
942 _hO153,3:g, P9
_cTEXL
_2cc
999 _c1025210
_d1025210